Devinez la Capitale Mystère #64 - Statistiques

Statistiques générales
  • Ce quiz a été pris 154 fois
  • Le résultat moyen est 25 sur 33
Statistiques - réponses
Type de Réponse Réponse % Correct
Lettre de l'Alphabet I
100%
Lettre Trouvée R
100%
Lettre Trouvée A
98%
Lettre Trouvée E
98%
Lettre Trouvée N
98%
Lettre de l'Alphabet B
96%
Lettre de l'Alphabet L
96%
Lettre de l'Alphabet S
96%
Lettre de l'Alphabet O
94%
Lettre de l'Alphabet P
93%
Lettre de l'Alphabet D
92%
Lettre de l'Alphabet T
91%
Lettre de l'Alphabet M
90%
Lettre Bien Placée N
88%
Lettre de l'Alphabet U
85%
Lettre de l'Alphabet H
83%
Lettre de l'Alphabet C
82%
Lettre de l'Alphabet G
81%
Lettre de l'Alphabet K
75%
Lettre de l'Alphabet W
74%
Lettre Bien Placée R
67%
Lettre de l'Alphabet Y
65%
Lettre Bien Placée A
62%
Lettre Trouvée V
59%
Lettre de l'Alphabet J
58%
Lettre de l'Alphabet X
58%
Lettre de l'Alphabet Z
54%
Lettre Bien Placée E
52%
Lettre de l'Alphabet F
47%
Lettre de l'Alphabet Q
44%
Lettre Bien Placée E
40%
Capitale Mystère Erevan
40%
Lettre Bien Placée V
40%
Aucun quiz correspondant
Distribution des résultats
% des personnes avec chaque résultat
Percentile par nombre de réponses
Votre historique - résultats
Vous n’avez pas pris ce quiz